00444nam a22001697a 450000500170000001000140001702000220003102000250005303500130007803700130009108200080010410000220011224500380013426000330017227000460020530000230025120100727160919.0 aENG-96952 a8184231245c70.00 a9788184231243c70.00 aEN-80485 bDBAD/PUB a881 aKoladi, Samson J. aRail Roads /cby Samson J. Koladi aThrissurbGreen Books c2008 aLittle road, AyyantholebThrissure680003 a118 p.c24cm (Pbk)